00333cam a22001097a 4500008003600000082001800036100003000054245006100084260003800145300001000183650003000193180718b xxu||||| |||| 00| 0 eng d aT3034x54 In2i aIndian Investement Centre aIndustrial licensing policycby Indian Investment Centre aDelhibIndian Investment Centrec a128p. aLicenses Business - india